logo

Bir Sreshtho Munshi Abdur Rouf Library
Jhenaidah Cadet College

উইলিয়াম শেকসপীয়রের তিনটি নাটক / (Record no. 1407)

MARC details
000 -LEADER
fixed length control field 00890nam a22002417a 4500
001 - CONTROL NUMBER
JCCL Control Number 1407
003 - CONTROL NUMBER IDENTIFIER
JCCL marc code BD-JhCC
005 - DATE AND TIME OF LATEST TRANSACTION
control field 20171022134008.0
008 - FIXED-LENGTH DATA ELEMENTS--GENERAL INFORMATION
fixed length control field 171018s2006 bg |||| |||| 000 0 ben d
020 ## - INTERNATIONAL STANDARD BOOK NUMBER
International Standard Book Number 9848683844
035 ## - SYSTEM CONTROL NUMBER
system control number (BD-JhCC)1407
040 ## - CATALOGING SOURCE
Original cataloging agency BD-JhCC
Modifying agency BD-JhCC
041 ## - LANGUAGE CODE
Language code of Book ben
082 ## - DEWEY DECIMAL CLASSIFICATION NUMBER
Classification number 822.33
Author mark and Year SHA 2006
100 ## - MAIN ENTRY--PERSONAL NAME
Personal name শেকসপীয়র, উইলিয়াম
245 ## - TITLE STATEMENT
Title উইলিয়াম শেকসপীয়রের তিনটি নাটক /
Statement of responsibility, etc উইলিয়াম শেকসপীয়র; সৈয়দ শামসুল হক (আনু.)
260 ## - PUBLICATION, DISTRIBUTION, ETC. (IMPRINT)
Place of publication, distribution, etc ঢাকা:
Name of publisher, distributor, etc অন্যপ্রকাশ,
Date of publication, distribution, etc ২০০৬.
300 ## - PHYSICAL DESCRIPTION
Pagination ৩৪২ পৃ. :
Dimensions ২২ সেমি.
650 ## - SUBJECT ADDED ENTRY--TOPICAL TERM
Topical term or geographic name as entry element English Drama
700 ## - ADDED ENTRY--PERSONAL NAME
Personal name হক, সৈয়দ শামসুল
942 ## - ADDED ENTRY ELEMENTS (KOHA)
Source of classification or shelving scheme Dewey Decimal Classification
Koha item type Books
Holdings
Source of classification or shelving scheme Damaged status Not for loan Home library Current library Shelving location Date of accession Source of acquisition Cost, normal purchase price Total Checkouts Full call number Barcode Date last seen Copy number Koha item type
Dewey Decimal Classification     JCC Rouf Library JCC Rouf Library General Stacks 10/18/2017 Purchase 300.00   822.33 SHA 2006 2488 10/18/2017 C-1 Books

JCC Library | Contacts | JCC Home

Last Update on 23 September 2017
Copyright @ 2017-2020 JCC Rouf Library
Rouf Library, Jhenidah Cadet College (JCC), Bangladesh